Načítá se...
Using Jigsaw in the College Classroom
| Hlavní autor: | |
|---|---|
| Médium: | Printed Book |
| Vydáno: |
1996
|
| On-line přístup: | http://10.26.1.76/ks/00454.pdf |
| LEADER | 003140000a22001090004500 | ||
|---|---|---|---|
| 100 | |a Susan Ledlow | ||
| 245 | |a Using Jigsaw in the College Classroom | ||
| 260 | |c 1996 | ||
| 856 | |u http://10.26.1.76/ks/00454.pdf | ||
| 942 | |c KS | ||
| 999 | |c 69843 |d 69843 | ||
| 952 | |0 0 |1 0 |4 0 |7 0 |9 61807 |a MGUL |b MGUL |d 2015-08-01 |l 0 |r 2015-08-01 |w 2015-08-01 |y KS | ||